=LDR 00000nam 2200000 4500 =001 INLIS000000000035848 =005 20130612141656 =008 ***********************************Ind** =035 ##$$0010-061300000035848 =041 ##$$a Ind =082 ##$$a 370.26 =090 ##$$a 370.26 , Har m =100 ##$$a Harun, Lukman =245 ##$$a Muhammadiyah dan Undang-undang Pendidikan , Lukman Harun =260 ##$$a 1990 $b Jakart =300 ##$$a 161 hlm. , 18 cm =850 ##$$a NBPNMAT